| 000 | 00638nam a22002057a 4500 | ||
|---|---|---|---|
| 003 | OSt | ||
| 005 | 20251024005808.0 | ||
| 008 | 251007b |||||||| |||| 00| 0 eng d | ||
| 020 | _a971-93655-1-8. | ||
| 040 |
_aDWCL-Main lib _cOC |
||
| 082 | _aFil. 362.29 M294i 2007 | ||
| 100 | _aMangwong, Rommel K. | ||
| 245 | _aInstructional materials in drug education and vice control | ||
| 260 |
_aQuezon City : _bWiseman's Books Trading, _cc2007. |
||
| 300 |
_aF, 273 pages ; _c27 cm. |
||
| 504 | _aIncludes bibliographical references. | ||
| 650 | _21. Drug education. | ||
| 650 | _22. Youth-Drug use. | ||
| 942 |
_2ddc _cBK-FIL _e2nd ed. _kFil. _n0 |
||
| 999 |
_c4661 _d4661 |
||